<?xml version="1.0" encoding="UTF-8"?><?xml-stylesheet type="text/xsl" href="static/style.xsl"?><OAI-PMH xmlns="http://www.openarchives.org/OAI/2.0/" xmlns:xsi="http://www.w3.org/2001/XMLSchema-instance" xsi:schemaLocation="http://www.openarchives.org/OAI/2.0/ http://www.openarchives.org/OAI/2.0/OAI-PMH.xsd"><responseDate>2026-04-17T04:48:56Z</responseDate><request verb="GetRecord" identifier="oai:riubu.ubu.es:10259/7407" metadataPrefix="marc">https://riubu.ubu.es/oai/request</request><GetRecord><record><header><identifier>oai:riubu.ubu.es:10259/7407</identifier><datestamp>2026-02-06T12:52:47Z</datestamp><setSpec>com_10259_3592</setSpec><setSpec>com_10259_3591</setSpec><setSpec>com_10259.4_106</setSpec><setSpec>com_10259_2604</setSpec><setSpec>com_10259_4363</setSpec><setSpec>com_10259_5086</setSpec><setSpec>com_10259_6185</setSpec><setSpec>com_10259_3924</setSpec><setSpec>col_10259_3930</setSpec><setSpec>col_10259_4364</setSpec><setSpec>col_10259_6186</setSpec><setSpec>col_10259_3925</setSpec></header><metadata><record xmlns="http://www.loc.gov/MARC21/slim" xmlns:doc="http://www.lyncode.com/xoai" xmlns:xsi="http://www.w3.org/2001/XMLSchema-instance" xmlns:dcterms="http://purl.org/dc/terms/" xsi:schemaLocation="http://www.loc.gov/MARC21/slim http://www.loc.gov/standards/marcxml/schema/MARC21slim.xsd">
<leader>00925njm 22002777a 4500</leader>
<datafield tag="042" ind1=" " ind2=" ">
<subfield code="a">dc</subfield>
</datafield>
<datafield tag="720" ind1=" " ind2=" ">
<subfield code="a">Echevarría Poza, Igor</subfield>
<subfield code="e">author</subfield>
</datafield>
<datafield tag="720" ind1=" " ind2=" ">
<subfield code="a">Vaquero Gutiérrez, Mónica</subfield>
<subfield code="e">author</subfield>
</datafield>
<datafield tag="720" ind1=" " ind2=" ">
<subfield code="a">Manzano, Blanca R.</subfield>
<subfield code="e">author</subfield>
</datafield>
<datafield tag="720" ind1=" " ind2=" ">
<subfield code="a">Jalón Sotés, Félix Ángel</subfield>
<subfield code="e">author</subfield>
</datafield>
<datafield tag="720" ind1=" " ind2=" ">
<subfield code="a">Quesada Pato, Roberto</subfield>
<subfield code="e">author</subfield>
</datafield>
<datafield tag="720" ind1=" " ind2=" ">
<subfield code="a">Espino Ordóñez, Gustavo</subfield>
<subfield code="e">author</subfield>
</datafield>
<datafield tag="260" ind1=" " ind2=" ">
<subfield code="c">2022-04</subfield>
</datafield>
<datafield tag="520" ind1=" " ind2=" ">
<subfield code="a">Photoredox catalysis constitutes a very powerful tool in&#xd;
organic synthesis, due to its versatility, efficiency, and the mild conditions&#xd;
required by photoinduced transformations. In this paper, we present an&#xd;
efficient and selective photocatalytic procedure for the aerobic oxidative&#xd;
dehydrogenation of partially saturated N-heterocycles to afford the respective&#xd;
N-heteroarenes (indoles, quinolines, acridines, and quinoxalines). The&#xd;
protocol involves the use of new Ir(III) biscyclometalated photocatalysts&#xd;
of the general formula [Ir(C^N)2(N^N′)]Cl, where the C^N ligand is 2-&#xd;
(2,4-difluorophenyl)pyridinate, and N^N′ are different ligands based on the&#xd;
2-(2′-pyridyl)benzimidazole scaffold. In-depth electrochemical and photophysical studies as well as DFT calculations have allowed us to establish&#xd;
structure−activity relationships, which provide insights for the rational design&#xd;
of efficient metal-based dyes in photocatalytic oxidation reactions. In&#xd;
addition, we have formulated a dual mechanism, mediated by the radical&#xd;
anion superoxide, for the above-mentioned transformations.</subfield>
</datafield>
<datafield tag="024" ind2=" " ind1="8">
<subfield code="a">0020-1669</subfield>
</datafield>
<datafield tag="024" ind2=" " ind1="8">
<subfield code="a">http://hdl.handle.net/10259/7407</subfield>
</datafield>
<datafield tag="024" ind2=" " ind1="8">
<subfield code="a">10.1021/acs.inorgchem.2c00358</subfield>
</datafield>
<datafield tag="024" ind2=" " ind1="8">
<subfield code="a">1520-510X</subfield>
</datafield>
<datafield ind1=" " ind2=" " tag="653">
<subfield code="a">Excited states</subfield>
</datafield>
<datafield ind1=" " ind2=" " tag="653">
<subfield code="a">Ligands</subfield>
</datafield>
<datafield ind1=" " ind2=" " tag="653">
<subfield code="a">Redox reactions</subfield>
</datafield>
<datafield ind1=" " ind2=" " tag="653">
<subfield code="a">Solvents</subfield>
</datafield>
<datafield ind1=" " ind2=" " tag="653">
<subfield code="a">Transition metals</subfield>
</datafield>
<datafield tag="245" ind1="0" ind2="0">
<subfield code="a">Photocatalytic Aerobic Dehydrogenation of N-Heterocycles with Ir(III) Photosensitizers Bearing the 2(2′-Pyridyl)benzimidazole Scaffold</subfield>
</datafield>
</record></metadata></record></GetRecord></OAI-PMH>